Call me by your name characters - Statistics

General Stats
  • This quiz has been taken 117 times
  • The average score is 3 of 8
Answer Stats
Answer % Correct
Elio
99%
Oliver
97%
Chiara
26%
Annella
24%
Mr Pearlman
8%
Mafalda
6%
Anchise
3%
Mariza
3%
No matching quizzes found
Score Distribution
Percent of People with Each Score
Percentile by Number Answered
Your Score History
You have not taken this quiz